Statistics for Oman First Level Subdivisions

Click here to take the quiz!

General Stats

  • This quiz has been taken 54 times
  • The average score is 5 of 11

Answer Stats

Muhāfazāt% Correct
Muscat
96%
Dhofar
65%
Musandam
65%
Al Batinah North
43%
Al Batinah South
43%
Al Wusta
43%
Ad Dakhiliyah
30%
Al Buraymi
30%
Ash Sharqiyah North
30%
Ash Sharqiyah South
30%
Ad Dhahirah
26%

Score Distribution

Percentile by Number Answered

Percent of People with Each Score

Your Score History

You have not taken this quiz